Music Quiz

Random Music Quiz

Avril Lavigne Songs By Lyric Quiz Stats

 Plays Quiz not verified by Sporcle

Support Sporcle.
Go Orange.
Score 0/10 Timer 03:00
0 Plays Today
lyric song % Correct
In a second you'll be wrapped around my finger. Cause I can, cause I can do it better.girlfriend
89.6%
Lay back, it's all been done before.complicated
88.4%
Isn't anyone trying to find me? Won't somebody come take me home?i'm with you
78.2%
It's nice to know we had it all. Thanks for watching as I fall.my happy ending
72.6%
The bed where you lied is made up on your side.when you're gone
72.3%
She had a pretty face, but her head was up in space.sk8er boi
71.6%
She's fallen from grace, she's all over the place.nobody's home
67.1%
Love hurts whether its right or wrong.what the hell
64.3%
Kiss me, gently. Always I know. Hold me, love me. Don't ever gohot
55.6%
Did I not tell you that I'm not like that?don't tell me
50.1%

You're not logged in!

Compare scores with friends on all Sporcle quizzes.
OR
Log In

From the Vault

Words Within Words 'R' Blitz

by Scuadrado

If you're a pirate you automatically get extra points.

You Might Also Like...

Remove Ads.
Support Sporcle.
Get the best of Sporcle when you Go Orange. This ad-free experience offers more features, more stats, and more fun while also helping to support Sporcle. Thank you for becoming a member.

Show Comments

Extras

Created Jun 2, 2011ReportNominate
Tags:Avril Lavigne

Top Quizzes Today


Score Distribution

Your Account Isn't Verified!

In order to create a playlist on Sporcle, you need to verify the email address you used during registration. Go to your Sporcle Settings to finish the process.

Report this User

Report this user for behavior that violates our Community Guidelines.

Details: